000 00272nam a2200121Ia 4500
005 20251222140105.0
008 251222s1900||||xx |||||||||||||| ||spa||
020 _a9681610717
082 _a184/G64
100 _aGómez Robledo, Antonio
245 0 _aPlatón:
942 _cLIB
999 _c4081
_d4081